000 00597nam 22001933 4500
001 202737
010 _a978-972-20-7581-7
021 _aPT
_b502224/22
090 _a202737
100 _a20260624d u||y0pory50 ba
200 _aAmigos em fila na quinta
_ftexto Elisa van Spronsen, ilustrações Marta Sorte
210 _aAlfragide
_cPublicações Dom Quixote
_dcop. 2022
215 _a[10] p.
_cil. ; cartonado
_d16 cm
300 _a5 peças grandes para 2 mãos pequeninas
606 _9235
_aLiteratura infantil
675 _a821-93
_vPT
_zpor
801 _aPT
_bBMMN
_gRPC
830 _cIsabel
990 _cLIVROS